Die Krisis in der heutigen Nationalökonomie dargestellt an literarischen Neuerscheinungen

Gespeichert in:
Bibliographische Detailangaben
Format: Buch
Sprache:Deutsch
Veröffentlicht: Jena Gustav Fischer 1925
Tags: Tag hinzufügen
Keine Tags, Fügen Sie das erste Tag hinzu!

MARC

LEADER 00000nam a2200000 4500
001 0307543
005 20250825072342.9
041 0 |a ger 
044 |a DE 
245 1 0 |a Die Krisis in der heutigen Nationalökonomie  |b dargestellt an literarischen Neuerscheinungen  |c Rudolf Stolzmann 
264 1 |a Jena  |b Gustav Fischer  |c 1925